Vista normal
Vista MARC
Entrada Materia (personas)
Número de registros utilizados en: 1
001 - CONTROL NUMBER
- control field: 78296
003 - CONTROL NUMBER IDENTIFIER
- control field: Co-BoUCM
005 - DATE AND TIME OF LATEST TRANSACTION
- control field: 20160722150950.0
008 - FIXED-LENGTH DATA ELEMENTS
- fixed length control field: 160722|| aca||aabn | a|a d
040 ## - CATALOGING SOURCE
- Original cataloging agency: Co-BoUCM
- Transcribing agency: Co-BoUCM
100 ## - HEADING--PERSONAL NAME
- Personal name: Chavin de Malan, Emile
670 ## - SOURCE DATA FOUND
- Source citation: Work cat.: (Co-BoUCM): Chavin de Malan, Emile, Histoire de Saint François d’ Assise, 1841